000 00548nam a2200241Ia 4500
003 OSt
005 20220912152034.0
006 a|||||r|||| 00| 0
007 ta
008 220909b |||||||| |||| 00| 0 eng d
024 _a61253
037 _cTextual
040 _aCSL
_beng
_cCSL
041 _aeng
082 _aA, L31
100 _aSullivan J W N
245 0 _aLimitations of science
260 _c1973
300 _ap.
_ccm.
650 _aScience
942 _hA, L31
_cTEXL
_2CC
999 _c79608
_d79608